000 00331nam a22001217a 4500
020 _a9284310083
082 _a331.2598ABC
100 _aAbsenteeism and social security
245 _aABSENTEEISM AND SOCIAL SECURITY
260 _aSwitzerland
_bInternational Social Security Association
300 _avii,157p
_bill;22cm
942 _cBK
999 _c20403
_d20403